| 000 | 00485nam a2200181 a 4500 | ||
|---|---|---|---|
| 005 | 20240925065553.0 | ||
| 008 | 991125s1972 es 000 0 spa u | ||
| 035 | _aUPN01000054504 | ||
| 049 | _aCG | ||
| 050 | 4 |
_aHM61 _bG5.88 1972 |
|
| 100 | 1 |
_aGiner de San Julián, Salvador, _d1934- _931215 |
|
| 245 | 1 | 0 |
_aSociología / _cSalvador Giner. |
| 250 | _a3a ed. | ||
| 260 |
_aBarcelona, Esp. : _bPenínsula, _c1972. |
||
| 300 | _a231 p. | ||
| 650 | 4 |
_aSociología _95756 |
|
| 905 | _aLibro | ||
| 999 |
_c54504 _d54504 |
||